000 00494nam a2200193Ia 4500
005 20250326142803.0
008 250326s9999 xx 000 0 und d
037 _aTextbook
040 _aFMSL
_beng
_cFMSL
041 _aeng
_2eng
084 _qFMSL
100 _aHunt R
_9105344
245 0 _aComputers and commensense
_cHunt R; Shelley J
250 _aEd 3
260 _aPrentice-Hall
_bPrentice-Hall, of India
_c1984
300 _a191p
942 _cTB
999 _c1296629
_d1296629